La escuela y la comunidad /
Guardado en:
| Autor Principal: | |
|---|---|
| Formato: | Libro |
| Publicado: |
México :
Uni¢n Tipogr fica Hispanoamericana,
1951
|
| Materias: | |
| Etiquetas: |
Agregar Etiqueta
Sin Etiquetas, Sea el primero en etiquetar este registro!
|
| LEADER | 00599nam a22001935a 4500 | ||
|---|---|---|---|
| 001 | CEM.cems006864 | ||
| 005 | 20060214000000.0 | ||
| 008 | 130507s1951##################000#0#####d | ||
| 003 | CEMS | ||
| 082 | 0 | 4 | |a 370.19 |
| 100 | 1 | |a Olsen, Edward G. | |
| 245 | 1 | 0 | |a La escuela y la comunidad / |
| 260 | |a México : |b Uni¢n Tipogr fica Hispanoamericana, |c 1951 | ||
| 300 | |a 515 p. | ||
| 653 | |a Educacion | ||
| 653 | |a Escuela y comunidad | ||
| 653 | |a Sociologia de la educacion | ||
| 859 | |a CEMS |b BIB. CEMS - 11 de abril |h 370.19 |i OL1 |p 3243.74 |t Ej.1 | ||
| 859 | |a CEMS |b BIB. CEMS - 11 de abril |h 370.19 |i OL1 |p 3245.74 |t Ej.2 | ||
